000 00738nam a2200193 i 4500
001 170860
003 ES-MaACL
005 20251003164446.0
008 090413s1957 sp |||| | spa d
100 0 _aCabodevilla, José María.
_933240
245 1 0 _aSeñora nuestra
_b: el misterio del hombre a la luz del misterio de María /
_cpor José María Cabodevilla ; prólogo de Casimiro Morcillo González.
260 _aMadrid :
_bLa Editorial Católica,
_c1957.
300 _aXII, 433 p. ;
_c20 cm.
490 1 _aBiblioteca de autores cristianos ;
_v161
700 1 _aMorcillo, Casimiro,
_d1904-1971
_983188
830 0 0 _aBiblioteca de autores cristianos
_v161
_9178679
852 _aES-MaACL
_jJ-159
_9R.46092
999 _c170860
_d170860